Avances de investigación en derecho y ciencias sociales /
Guardado en:
| Otros Autores: | , , |
|---|---|
| Formato: | Libro |
| Idioma: | Spanish |
| Etiquetas: |
Agregar Etiqueta
Sin Etiquetas, Sea el primero en etiquetar este registro!
|
| LEADER | 00552nam a22001455a 4500 | ||
|---|---|---|---|
| 001 | DER.der002070 | ||
| 005 | 20060918000000.0 | ||
| 008 | 180615s----####||||||||||||||||||||spa|| | ||
| 020 | |a 987-96722-2-4 | ||
| 245 | 1 | 0 | |a Avances de investigación en derecho y ciencias sociales / |c , coordinado por Gladys Mackinson, María del Carmen Ortega, y Raúl Héctor Sandler |
| 300 | 0 | |a 249 p. | |
| 700 | 1 | |a Mackinson, Gladys |e coordinador | |
| 700 | 1 | |a Ortega, María del Carmen |e coordinador | |
| 700 | 1 | |a Sandler, Raúl Héctor |e coordinador | |
| 859 | |a DERECHO |b BIB. DERECHO |p 004178 | ||
